000 00859cam a22002773a 4500
001 2706
003 PGUSA
005 20140828083020.0
008 010701s2001||||xxu|||||s|||||000 1 eng d
040 _aPGUSA
_beng
042 _adc
050 4 _aPT
100 1 _aZschokke, Heinrich,
_d1771-1848
245 1 4 _aThe Bravo of Venice :
_bA Romance
_h[electronic resource] /
_cHeinrich Zschokke
260 _bProject Gutenberg,
_c2001
500 _aTranslation of Abällino, der grosse Bandit.
506 _aPublic domain in the USA.
516 _aElectronic text
653 _aVenice (Italy) -- Fiction
653 _aGothic fiction (Literary genre)
700 1 _aLewis, M. G.
_q(Matthew Gregory),
_d1775-1818
700 1 _aMorley, Henry,
_d1822-1894
830 0 _aProject Gutenberg
_v2706
856 4 0 _uhttp://www.gutenberg.org/ebooks/2706
942 _cEB
999 _c232039
_d232039